| 000 | nam a22 a 4500 | ||
|---|---|---|---|
| 999 |
_c1393 _d1393 |
||
| 005 | 20170509124747.0 | ||
| 008 | 170509s1977 enkabk | 001 | eng d | ||
| 020 | _a013493122X | ||
| 040 | _aAKMAL | ||
| 082 | _a301.32 MAT | ||
| 090 |
_a301.32 _bMAT |
||
| 100 | 1 |
_aMatras, Judah. _92738 |
|
| 245 | 1 | 0 |
_aIntroduction to population _ba sociological approach _cJudah Matras. |
| 260 |
_a Englewood Cliffs _b Prentice-Hall _c1977. |
||
| 300 |
_ax,452p _b ill., forms, maps _c24 cm |
||
| 500 | _aText on lining papers. | ||
| 500 | _aBibliography: p.427-441. _ Includes index. | ||
| 599 | _aDALAM PROSES | ||
| 650 |
_aPopulation. _92739 |
||
| 852 | 4 |
_aBritish Library _b DSC |
|
| 852 | 4 | 1 |
_aBritish Library _bHMNTS |
| 942 |
_2ddc _cBOOK |
||